[Event "Fagernes op"]
[Site "Fagernes"]
[Date "2025.04.19"]
[Round "8"]
[White "Andersen, Morten"]
[Black "Haugen, Lars Tormod"]
[Result "1-0"]
[WhiteElo "2200"]
[BlackElo "1988"]
[PlyCount "95"]
[EventDate "2025.04.13"]
[EventType "swiss"]
[EventRounds "9"]
[EventCountry "NOR"]
[SourceTitle "CB17_2025"]
[SourceDate "2025.04.23"]
[SourceVersion "1"]
[SourceVersionDate "2025.04.23"]
[SourceQuality "1"]

1. Nf3 c5 2. e3 g6 3. d4 Bg7 4. c4 Nf6 5. d5 d6 6. Nc3 0-0 7. Be2 e6 8. 0-0 exd5 9. cxd5 Bg4 10. h3 Bxf3 11. Bxf3 Na6 12. Re1 Rb8 13. Be2 Nc7 14. a4 Re8 15. f3 a6 16. a5 Nh5 17. Ra4 b5 18. axb6 Rxb6 19. Bc4 Ng3 20. Qd3 Rb4 21. Rxb4 cxb4 22. Ne2 Qh4 23. Nxg3 Qxg3 24. Re2 a5 25. b3 Be5 26. f4 Bc3 27. Ra2 g5 28. Rf2 gxf4 29. Rxf4 Qe1+ 30. Rf1 Qg3 31. Qf5 Be5 32. Qxf7+ Kh8 33. Qf3 Qh2+ 34. Kf2 Rg8 35. Bd3 Ne8 36. Rg1 Nf6 37. Kf1 Rf8 38. g4 Nd7 39. Bf5 Nc5 40. e4 Nxb3 41. Qxb3 Bd4 42. Be3 Qxh3+ 43. Ke2 Qh2+ 44. Kd1 Bxe3 45. Qxe3 b3 46. Qc3+ Qe5 47. Qxe5+ dxe5 48. Kc1 1-0

[Event "Fagernes op"]
[Site "Fagernes"]
[Date "2025.04.16"]
[Round "5"]
[White "Den Roover, Nikolay Jorgensen"]
[Black "Andersen, Morten"]
[Result "1/2-1/2"]
[WhiteElo "2004"]
[BlackElo "2200"]
[PlyCount "25"]
[EventDate "2025.04.13"]
[EventType "swiss"]
[EventRounds "9"]
[EventCountry "NOR"]
[SourceTitle "CB17_2025"]
[SourceDate "2025.04.23"]
[SourceVersion "1"]
[SourceVersionDate "2025.04.23"]
[SourceQuality "1"]

1. Nf3 Nf6 2. g3 g6 3. Bg2 Bg7 4. c4 c5 5. Nc3 0-0 6. 0-0 Nc6 7. d4 d6 8. d5 Na5 9. Nd2 e6 10. Qc2 Re8 11. b3 exd5 12. cxd5 b5 13. Bb2 1/2-1/2

[Event "Copenhagen Obro CXU op"]
[Site "Copenhagen"]
[Date "2024.07.25"]
[Round "5"]
[White "Andersen, Morten"]
[Black "Veiergang, Oscar Jacob"]
[Result "1/2-1/2"]
[WhiteElo "2176"]
[BlackElo "2070"]
[PlyCount "60"]
[EventDate "2024.07.22"]
[EventType "swiss"]
[EventRounds "9"]
[EventCountry "DEN"]
[SourceTitle "CBM 221 Extra"]
[Source "ChessBase"]
[SourceDate "2024.09.30"]
[SourceVersion "1"]
[SourceVersionDate "2024.09.30"]
[SourceQuality "1"]

1. Nf3 Nf6 2. e3 g6 3. d4 Bg7 4. c4 c6 5. Nc3 d5 6. h3 0-0 7. Bd3 Nbd7 8. 0-0 Re8 9. cxd5 Nxd5 10. e4 Nxc3 11. bxc3 e5 12. Qc2 exd4 13. cxd4 c5 14. Bb2 cxd4 15. Nxd4 Qb6 16. Nb3 Bxb2 17. Qxb2 Nc5 18. Qc2 Nxb3 19. Qxb3 Qxb3 20. axb3 Be6 21. b4 Red8 22. Be2 a6 23. Rfb1 Rac8 24. b5 Rd2 25. bxa6 bxa6 26. Bxa6 Rcc2 27. Rc1 Rxf2 28. Rxc2 Rxc2 29. Bb7 Kg7 30. Rf1 Rb2 1/2-1/2

[Event "Copenhagen Obro CXU op"]
[Site "Copenhagen"]
[Date "2024.07.24"]
[Round "4"]
[White "Jarlskov, Daniel Tuk Hartso"]
[Black "Andersen, Morten"]
[Result "1-0"]
[WhiteElo "2030"]
[BlackElo "2176"]
[PlyCount "101"]
[EventDate "2024.07.22"]
[EventType "swiss"]
[EventRounds "9"]
[EventCountry "DEN"]
[SourceTitle "CBM 221 Extra"]
[Source "ChessBase"]
[SourceDate "2024.09.30"]
[SourceVersion "1"]
[SourceVersionDate "2024.09.30"]
[SourceQuality "1"]

1. d4 d5 2. c4 e6 3. Nf3 Nf6 4. g3 Bb4+ 5. Bd2 Bd6 6. Bg2 c6 7. 0-0 0-0 8. Qc2 Ne4 9. Bf4 Bxf4 10. gxf4 Qf6 11. e3 Qh6 12. Nc3 f5 13. Ne5 Nd7 14. Nxe4 fxe4 15. f3 Nxe5 16. dxe5 g5 17. fxe4 gxf4 18. exd5 exd5 19. cxd5 f3 20. Rxf3 Rxf3 21. Bxf3 Qxe3+ 22. Qf2 Qxe5 23. Re1 Qg7+ 24. Kh1 Bf5 25. dxc6 bxc6 26. Qc5 Rf8 27. Bxc6 Bg6 28. b4 Rf5 29. Qc4+ Kh8 30. Rd1 Qf6 31. Qd4 Qxd4 32. Rxd4 a6 33. Kg2 Kg7 34. a4 Re5 35. h4 Re2+ 36. Kf3 Bh5+ 37. Kf4 Rb2 38. Ke5 Be2 39. Kd6 Rc2 40. Be4 Ra2 41. Bc6 h5 42. Rf4 Bd1 43. b5 axb5 44. axb5 Bg4 45. Kc7 Ra7+ 46. Kb8 Re7 47. b6 Be2 48. Re4 Rxe4 49. Bxe4 Ba6 50. Ka7 Bc8 51. Bf5 1-0

[Event "Fagernes op"]
[Site "Fagernes"]
[Date "2022.04.16"]
[Round "8"]
[White "Andersen, Morten"]
[Black "Perkampus, Laurin"]
[Result "1/2-1/2"]
[WhiteElo "2190"]
[BlackElo "2061"]
[PlyCount "75"]
[EventDate "2022.04.10"]
[EventType "swiss"]
[EventRounds "9"]
[EventCountry "NOR"]
[SourceTitle "CBM 207 Extra"]
[Source "ChessBase"]
[SourceDate "2022.05.31"]
[SourceVersion "1"]
[SourceVersionDate "2022.05.31"]
[SourceQuality "1"]

1. d4 Nf6 2. c4 g6 3. Nc3 d5 4. e3 Bg7 5. Qb3 dxc4 6. Bxc4 e6 7. Nf3 0-0 8. 0-0 a6 9. Qc2 b5 10. Bb3 Bb7 11. Rd1 Qe7 12. e4 b4 13. e5 bxc3 14. exf6 Qxf6 15. Bg5 Qf5 16. Qxf5 exf5 17. bxc3 Nd7 18. Rac1 h6 19. Be7 Rfe8 20. Ba3 Bf8 21. Bb2 Re2 22. Ba1 Rae8 23. Bc4 R2e7 24. Bb2 Nb6 25. Bd3 Na4 26. Ba1 Rd7 27. Ne5 Rd6 28. f3 Bg7 29. Nc4 Rd7 30. Na5 Bc8 31. Re1 Rde7 32. Kf2 Nb6 33. Nc6 Rxe1 34. Rxe1 Rxe1 35. Kxe1 Be6 36. Bxa6 Bxa2 37. Na5 Bf8 38. Ke2 1/2-1/2

[Event "Fagernes op"]
[Site "Fagernes"]
[Date "2021.10.17"]
[Round "9"]
[White "Eliseev, Sergey1"]
[Black "Andersen, Morten"]
[Result "1/2-1/2"]
[WhiteElo "2041"]
[BlackElo "2182"]
[PlyCount "109"]
[EventDate "2021.10.10"]
[EventType "swiss"]
[EventRounds "9"]
[EventCountry "NOR"]
[SourceTitle "CBM 204 Extra"]
[Source "ChessBase"]
[SourceDate "2021.11.30"]
[SourceVersion "1"]
[SourceVersionDate "2021.11.30"]
[SourceQuality "1"]

1. e4 Nc6 2. d4 d5 3. exd5 Qxd5 4. Nf3 Bg4 5. Be2 0-0-0 6. Be3 e5 7. Nc3 Qa5 8. Nxe5 Bxe2 9. Qxe2 Nxe5 10. dxe5 Qxe5 11. Qc4 Nf6 12. 0-0 Bd6 13. g3 h5 14. Nb5 Nd5 15. Nxa7+ Kb8 16. Qb5 Nb6 17. Bxb6 cxb6 18. Qxb6 Qc5 19. Qxc5 Bxc5 20. Nb5 Rd2 21. Rac1 h4 22. Nc3 f5 23. Na4 Ba7 24. c4 hxg3 25. hxg3 f4 26. c5 fxg3 27. fxg3 Rhh2 28. Rf8+ Kc7 29. Re1 Kc6 30. Rf5 Rdg2+ 31. Kf1 Rd2 32. Re6+ Kb5 33. Nc3+ Kc4 34. Re4+ Kd3 35. Rd5+ Kc2 36. Rxd2+ Rxd2 37. Nb5 Bb8 38. Re2 Rxe2 39. Kxe2 Kxb2 40. Nd6 Kxa2 41. Nxb7 Bxg3 42. Kf3 Bc7 43. Ke4 g5 44. Nd6 g4 45. Nf5 g3 46. Ne3 Kb3 47. Kd5 Kc3 48. Kc6 Kd3 49. Kxc7 Kxe3 50. c6 g2 51. Kb7 g1Q 52. c7 Qb1+ 53. Ka8 Qc2 54. Kb7 Qxc7+ 55. Kxc7 1/2-1/2

[Event "Fagernes op"]
[Site "Fagernes"]
[Date "2021.10.13"]
[Round "5"]
[White "Miezis, Normunds"]
[Black "Andersen, Morten"]
[Result "1-0"]
[WhiteElo "2467"]
[BlackElo "2182"]
[PlyCount "59"]
[EventDate "2021.10.10"]
[EventType "swiss"]
[EventRounds "9"]
[EventCountry "NOR"]
[SourceTitle "CBM 204 Extra"]
[Source "ChessBase"]
[SourceDate "2021.11.30"]
[SourceVersion "1"]
[SourceVersionDate "2021.11.30"]
[SourceQuality "1"]

1. c4 e5 2. Nc3 Bb4 3. g3 Bxc3 4. dxc3 d6 5. Bg2 Nc6 6. e4 Be6 7. Qe2 Qd7 8. h3 0-0-0 9. Nf3 h6 10. Be3 Nge7 11. 0-0-0 f5 12. b3 g5 13. exf5 Nxf5 14. Nd2 Kb8 15. Ne4 Qe7 16. Kb2 Nxe3 17. Qxe3 Rdf8 18. Rd2 Nd8 19. Rhd1 b6 20. a4 Bc8 21. a5 Bb7 22. Ra1 Ne6 23. axb6 axb6 24. b4 Rd8 25. Qe2 Rhf8 26. Qd1 Qe8 27. Bh1 Kc8 28. Ra7 d5 29. cxd5 Ng7 30. d6 1-0

[Event "Fagernes op"]
[Site "Fagernes"]
[Date "2021.10.11"]
[Round "2"]
[White "Andersen, Morten"]
[Black "Greicius, Pijus"]
[Result "1/2-1/2"]
[WhiteElo "2182"]
[BlackElo "2080"]
[PlyCount "29"]
[EventDate "2021.10.10"]
[EventType "swiss"]
[EventRounds "9"]
[EventCountry "NOR"]
[SourceTitle "CBM 204 Extra"]
[Source "ChessBase"]
[SourceDate "2021.11.30"]
[SourceVersion "1"]
[SourceVersionDate "2021.11.30"]
[SourceQuality "1"]

1. d4 Nf6 2. c4 e6 3. Nf3 d5 4. e3 Be7 5. b3 0-0 6. Bd3 Nbd7 7. 0-0 b6 8. Qe2 Bb7 9. Bb2 Re8 10. Ne5 Bd6 11. Nd2 Nf8 12. Rac1 c5 13. Rfd1 Qe7 14. cxd5 exd5 15. Bb5 1/2-1/2

[Event "DEN-chT1 1920 Gr1"]
[Site "Denmark"]
[Date "2020.03.08"]
[Round "7"]
[White "Fries Nielsen, Jens Ove"]
[Black "Andersen, Morten"]
[Result "1-0"]
[WhiteElo "2377"]
[BlackElo "2199"]
[PlyCount "51"]
[EventDate "2019.10.27"]
[EventType "team-tourn"]
[EventRounds "9"]
[EventCountry "DEN"]
[SourceTitle "EXT 2025"]
[Source "ChessBase"]
[SourceDate "2024.10.14"]
[SourceVersion "1"]
[SourceVersionDate "2024.10.14"]
[SourceQuality "1"]
[WhiteTeam "Fredericia"]
[BlackTeam "Odysseus"]
[WhiteTeamCountry "DEN"]
[BlackTeamCountry "DEN"]

1. d4 d5 2. Nc3 Nf6 3. Bf4 c5 4. Nf3 cxd4 5. Nxd4 Nc6 6. e4 Nxe4 7. Nxe4 dxe4 8. Nxc6 Qxd1+ 9. Rxd1 bxc6 10. Bc4 e6 11. 0-0 Bc5 12. Rfe1 f5 13. Be5 Kf7 14. g4 Kg6 15. Kg2 Re8 16. Kg3 a5 17. gxf5+ exf5 18. Kf4 Kh6 19. h4 Bxf2 20. Rd6+ g6 21. Rf1 e3 22. h5 Rxe5 23. Kxe5 Kxh5 24. Kf4 g5+ 25. Kf3 f4 26. Bf7+ 1-0

[Event "Helsingor Xtracon op"]
[Site "Helsingor"]
[Date "2019.07.24"]
[Round "6"]
[White "Sawatzki, Frank"]
[Black "Andersen, Morten"]
[Result "1/2-1/2"]
[WhiteElo "2385"]
[BlackElo "2212"]
[PlyCount "51"]
[EventDate "2019.07.20"]
[EventType "swiss"]
[EventRounds "10"]
[EventCountry "DEN"]
[SourceTitle "CBM 191 Extra"]
[Source "ChessBase"]
[SourceDate "2019.09.30"]
[SourceVersion "1"]
[SourceVersionDate "2019.09.30"]
[SourceQuality "1"]

1. e4 c5 2. Nf3 Nc6 3. Nc3 e5 4. Bc4 Be7 5. d3 Nf6 6. Ng5 0-0 7. a3 Nd4 8. f4 exf4 9. Bxf4 d5 10. exd5 b5 11. Ba2 Bb7 12. 0-0 Nxd5 13. Qh5 Bxg5 14. Bxg5 Qd7 15. Bxd5 Bxd5 16. Bf6 Bb7 17. Qg5 Ne6 18. Qg4 h5 19. Qg3 Rac8 20. Rf5 Qc7 21. Be5 Qd7 22. Raf1 f6 23. Rxf6 Rxf6 24. Rxf6 Re8 25. Rg6 Re7 26. Rh6 1/2-1/2

[Event "Helsingor Xtracon op"]
[Site "Helsingor"]
[Date "2018.07.29"]
[Round "10"]
[White "Schmitt, Carsten1"]
[Black "Andersen, Morten"]
[Result "0-1"]
[WhiteElo "1997"]
[BlackElo "2174"]
[PlyCount "44"]
[EventDate "2018.07.21"]
[EventType "swiss"]
[EventRounds "10"]
[EventCountry "DEN"]
[SourceTitle "CBM 185 Extra"]
[Source "ChessBase"]
[SourceDate "2018.07.29"]
[SourceVersion "1"]
[SourceVersionDate "2018.07.29"]
[SourceQuality "1"]

1. c4 e5 2. g3 c6 3. d4 e4 4. Nc3 d5 5. Nh3 h6 6. Bg2 Nf6 7. cxd5 cxd5 8. 0-0 Nc6 9. f3 exf3 10. exf3 Be7 11. Be3 0-0 12. Qd2 Re8 13. Rfe1 Bf5 14. Nf4 Na5 15. b3 Rc8 16. Nd3 Nc6 17. Rac1 Ba3 18. Rcd1 Nb4 19. Bf1 Qa5 20. Nb1 Rc2 21. Nxa3 Rxd2 22. Bxd2 Bxd3 0-1

[Event "Helsingor Xtracon op"]
[Site "Helsingor"]
[Date "2018.07.27"]
[Round "8"]
[White "Jepson, Christian"]
[Black "Andersen, Morten"]
[Result "1-0"]
[WhiteElo "2410"]
[BlackElo "2174"]
[PlyCount "95"]
[EventDate "2018.07.21"]
[EventType "swiss"]
[EventRounds "10"]
[EventCountry "DEN"]
[SourceTitle "CBM 185 Extra"]
[Source "ChessBase"]
[SourceDate "2018.07.29"]
[SourceVersion "1"]
[SourceVersionDate "2018.07.29"]
[SourceQuality "1"]

1. e4 d6 2. d4 Nf6 3. Nc3 g6 4. Be3 c6 5. Nf3 Bg7 6. h3 0-0 7. a4 Nbd7 8. a5 e5 9. dxe5 Nxe5 10. Nxe5 dxe5 11. Qxd8 Rxd8 12. Bc4 Bf8 13. 0-0 Be7 14. f3 Nh5 15. Rfd1 Nf4 16. Na4 Be6 17. Bf1 Rxd1 18. Rxd1 a6 19. Bb6 Re8 20. Nc5 Bc8 21. Bc4 Kg7 22. Kh2 Bxc5 23. Bxc5 Ne6 24. Bb6 h5 25. h4 Kf6 26. Kg3 g5 27. hxg5+ Kxg5 28. Rh1 Kg6 29. Kf2 Nd4 30. Bxd4 exd4 31. Rxh5 Be6 32. Rc5 Kf6 33. Be2 Rh8 34. Kg1 Ke7 35. f4 Kd6 36. b4 Rg8 37. Kf2 Rh8 38. Rh5 Rxh5 39. Bxh5 c5 40. f5 Ba2 41. bxc5+ Kxc5 42. e5 Bb1 43. Bxf7 Bxc2 44. f6 Be4 45. e6 Bd5 46. Bg8 Kd6 47. e7 Bc6 48. Bb3 1-0

[Event "Fagernes TV2 GM op"]
[Site "Fagernes"]
[Date "2018.04.01"]
[Round "9"]
[White "Andersen, Morten"]
[Black "Amar, Elham"]
[Result "1/2-1/2"]
[WhiteElo "2186"]
[BlackElo "2077"]
[PlyCount "133"]
[EventDate "2018.03.25"]
[EventType "swiss"]
[EventRounds "9"]
[EventCountry "NOR"]
[SourceTitle "CBM 183 Extra"]
[Source "ChessBase"]
[SourceDate "2018.04.19"]
[SourceVersion "1"]
[SourceVersionDate "2018.04.19"]
[SourceQuality "1"]

1. c4 e6 2. g3 d5 3. Bg2 Nf6 4. Nf3 c6 5. 0-0 Nbd7 6. Qc2 Be7 7. d4 0-0 8. Rd1 Ne4 9. Ne1 f5 10. Nd3 Nb6 11. c5 Nd7 12. f3 Nef6 13. Nf4 Nb8 14. b4 a5 15. bxa5 Rxa5 16. Nd3 b6 17. Nd2 bxc5 18. Nxc5 Bxc5 19. dxc5 e5 20. f4 exf4 21. gxf4 Qe7 22. Nb3 Ra4 23. e3 Bd7 24. Rd4 Rxd4 25. Nxd4 Ng4 26. Qc3 Re8 27. Nf3 Na6 28. h3 Nxe3 29. Ne5 Nxg2 30. Kxg2 Be6 31. Be3 d4 32. Bxd4 Bd5+ 33. Kh2 Nc7 34. a4 Ne6 35. Be3 Qh4 36. Qe1 Qh5 37. Rb1 Ng5 38. fxg5 Rxe5 39. Qf2 Qe8 40. Re1 Re4 41. Bd2 Qb8+ 42. Kg1 Rxa4 43. Qh2 Qxh2+ 44. Kxh2 Ra2 45. Re2 Rc2 46. Rf2 Rxc5 47. Rxf5 Rc2 48. Rf2 g6 49. Kg3 Rb2 50. h4 Rb3+ 51. Kf4 Rh3 52. Ke5 Rxh4 53. Rf4 Rh2 54. Bb4 Rg2 55. Be7 Re2+ 56. Kd6 Bf7 57. Bf6 Re6+ 58. Kd7 c5 59. Ra4 Re8 60. Ra7 c4 61. Rc7 Kf8 62. Rc5 Be6+ 63. Kd6 Rc8 64. Kxe6 Rxc5 65. Be7+ Kg7 66. Bxc5 h6 67. Ke5 1/2-1/2

[Event "Fagernes TV2 GM op"]
[Site "Fagernes"]
[Date "2018.03.30"]
[Round "7"]
[White "Andersen, Morten"]
[Black "Vovk, Yuri"]
[Result "1/2-1/2"]
[WhiteElo "2186"]
[BlackElo "2600"]
[PlyCount "87"]
[EventDate "2018.03.25"]
[EventType "swiss"]
[EventRounds "9"]
[EventCountry "NOR"]
[SourceTitle "CBM 183 Extra"]
[Source "ChessBase"]
[SourceDate "2018.04.19"]
[SourceVersion "1"]
[SourceVersionDate "2018.04.19"]
[SourceQuality "1"]

1. d4 Nf6 2. c4 g6 3. g3 Bg7 4. Bg2 0-0 5. Nf3 d6 6. b3 e5 7. dxe5 dxe5 8. Qxd8 Rxd8 9. Bb2 Nc6 10. 0-0 e4 11. Ne1 Bg4 12. f3 exf3 13. exf3 Bf5 14. g4 Be6 15. Na3 Rd2 16. Bc3 Re2 17. Nb5 Rc8 18. Rf2 Rxf2 19. Kxf2 a6 20. g5 axb5 21. gxf6 b4 22. fxg7 bxc3 23. f4 Na5 24. Rc1 Rd8 25. Nf3 Kxg7 26. Rxc3 Nc6 27. Rc2 Nb4 28. Rd2 Ra8 29. Nd4 Bc8 30. Nb5 c6 31. Nd6 Bf5 32. Nxb7 Ra3 33. Nd8 Nxa2 34. Nxc6 Nc1 35. Nd4 Nxb3 36. Nxf5+ gxf5 37. Rd5 Ra2+ 38. Kg3 Rc2 39. Rxf5 Rc3+ 40. Kg4 Nd2 41. Rg5+ Kf8 42. Bd5 Nxc4 43. Bxc4 Rxc4 44. Rh5 1/2-1/2

[Event "Fagernes TV2 GM op"]
[Site "Fagernes"]
[Date "2018.03.29"]
[Round "6"]
[White "Ingebretsen, Jens E"]
[Black "Andersen, Morten"]
[Result "0-1"]
[WhiteElo "2132"]
[BlackElo "2186"]
[PlyCount "78"]
[EventDate "2018.03.25"]
[EventType "swiss"]
[EventRounds "9"]
[EventCountry "NOR"]
[SourceTitle "CBM 183 Extra"]
[Source "ChessBase"]
[SourceDate "2018.04.19"]
[SourceVersion "1"]
[SourceVersionDate "2018.04.19"]
[SourceQuality "1"]

1. e4 d6 2. d4 Nf6 3. Nc3 g6 4. Nf3 Bg7 5. Bc4 0-0 6. Bb3 Bg4 7. Be3 Nc6 8. h3 Bxf3 9. Qxf3 e5 10. dxe5 dxe5 11. 0-0 Nd4 12. Bxd4 exd4 13. Rad1 Nd7 14. Ne2 c5 15. Qg3 Rc8 16. Bd5 Nf6 17. c4 b5 18. Qb3 bxc4 19. Qxc4 Nxd5 20. exd5 Qd6 21. Rc1 Rc7 22. Rfd1 Rb8 23. Ng3 f5 24. a3 Rxb2 25. Re1 Be5 26. f4 Bxf4 27. Re6 Qf8 28. d6 Rf7 29. Rce1 Bxg3 30. Re8 Bxe1 31. Rxf8+ Kxf8 32. Qxc5 Bf2+ 33. Kf1 Kg7 34. Qe5+ Kh6 35. Qe8 Bg3 36. d7 d3 37. Qe3+ f4 38. Qxd3 Re7 39. Qd1 Rb8 0-1

[Event "Fagernes TV2 GM op"]
[Site "Fagernes"]
[Date "2018.03.28"]
[Round "5"]
[White "Andersen, Morten"]
[Black "Kizatbay, Abyl"]
[Result "1-0"]
[WhiteElo "2186"]
[BlackElo "2127"]
[PlyCount "69"]
[EventDate "2018.03.25"]
[EventType "swiss"]
[EventRounds "9"]
[EventCountry "NOR"]
[SourceTitle "CBM 183 Extra"]
[Source "ChessBase"]
[SourceDate "2018.04.19"]
[SourceVersion "1"]
[SourceVersionDate "2018.04.19"]
[SourceQuality "1"]

1. e4 c5 2. c4 Nc6 3. Nc3 g6 4. d3 Bg7 5. g3 d6 6. Bg2 e6 7. Nge2 Nge7 8. Be3 Nd4 9. Rb1 0-0 10. h4 h6 11. Qc1 Kh7 12. f4 f5 13. h5 gxh5 14. Rxh5 Ng8 15. e5 Nxe2 16. Kxe2 Qe8 17. Qh1 Qg6 18. g4 dxe5 19. Rg5 Qe8 20. fxe5 Bd7 21. Rg1 Rf7 22. gxf5 exf5 23. Bd5 Be6 24. Rg6 Bxd5 25. Qxd5 Ne7 26. Qg2 Nxg6 27. Qxg6+ Kg8 28. e6 Rc7 29. Qxh6 Rd8 30. Nd5 Rxd5 31. cxd5 Qb5 32. Qf6 c4 33. Qd8+ Kh7 34. Rh1+ Kg6 35. Qg5# 1-0

[Event "Fagernes TV2 GM op"]
[Site "Fagernes"]
[Date "2018.03.25"]
[Round "1"]
[White "Andersen, Morten"]
[Black "Holm, Kristian Stuvik"]
[Result "0-1"]
[WhiteElo "2186"]
[BlackElo "2450"]
[PlyCount "98"]
[EventDate "2018.03.25"]
[EventType "swiss"]
[EventRounds "9"]
[EventCountry "NOR"]
[SourceTitle "CBM 183 Extra"]
[Source "ChessBase"]
[SourceDate "2018.04.19"]
[SourceVersion "1"]
[SourceVersionDate "2018.04.19"]
[SourceQuality "1"]

1. e4 c5 2. Nf3 g6 3. d4 cxd4 4. Nxd4 Nc6 5. Nc3 Bg7 6. Be3 Nf6 7. Bc4 0-0 8. Bb3 a5 9. f3 d5 10. Nxc6 bxc6 11. 0-0 Bb7 12. Qd2 e6 13. Rad1 Nd7 14. f4 Bxc3 15. bxc3 Nf6 16. exd5 cxd5 17. Qd4 Ng4 18. Bc1 Qf6 19. a4 Rfc8 20. Rfe1 Ba6 21. h3 Qxd4+ 22. cxd4 Nf6 23. g4 Bc4 24. Re3 Ne4 25. Bd2 Bxb3 26. cxb3 Rc2 27. Be1 h6 28. Kf1 g5 29. fxg5 hxg5 30. Re2 Rc6 31. h4 gxh4 32. Rh2 Rb8 33. Rd3 Rc1 34. Rxh4 Rxb3 35. Rxb3 Nd2+ 36. Kf2 Nxb3 37. Rh3 Rc2+ 38. Ke3 Rc4 39. Kd3 Nxd4 40. Bxa5 Rxa4 41. Bc3 e5 42. Rh6 Ra3 43. Kd2 Nf3+ 44. Kc2 d4 45. Bb4 d3+ 46. Kb2 Ra7 47. Rd6 Rb7 48. Kc3 d2 49. g5 Rxb4 0-1